[Event "116th YMCA Winter-A"]
[Site "Warszawa"]
[Date "2013.01.16"]
[Round "1"]
[White "Choroszej, Aleksander"]
[Black "Delega, Tomasz"]
[Result "1-0"]
[WhiteElo "2097"]
[BlackElo "2129"]
[PlyCount "87"]
[EventDate "2013.01.09"]
[EventType "tourn"]
[EventRounds "1"]
[EventCountry "POL"]
[SourceDate "2013.01.07"]

1. d4 c5 2. d5 e5 3. c4 d6 4. Nc3 Be7 5. g3 Bg5 6. Bxg5 Qxg5 7. Qa4+ Bd7 8. Qb3
b6 9. Nb5 Bxb5 10. Qxb5+ Kf8 11. Bg2 Qd8 12. Nh3 a6 13. Qb3 b5 14. O-O bxc4 15.
Qxc4 Nd7 16. Rad1 Ngf6 17. Qc2 g6 18. Rd3 Kg7 19. f4 Rf8 20. e4 Rb8 21. Rdf3
Ng4 22. Nf2 Nxf2 23. Qxf2 Rb4 24. f5 f6 25. fxg6 hxg6 26. Bh3 Nb6 27. Qe2 a5
28. Be6 Rd4 29. Rb3 Qc7 30. Qg4 Rb4 31. Rbf3 Rxb2 32. h4 Qe7 33. h5 g5 34. Rxf6
Qxf6 35. Rxf6 Kxf6 36. Qf5+ Ke7 37. Qxg5+ Ke8 38. Bf5 Nc4 39. Qg7 Rf7 40. Bg6
Rbf2 41. h6 Ke7 42. Bxf7 Rxf7 43. Qg5+ Ke8 44. h7 1-0

[Event "116th YMCA Winter-A"]
[Site "Warszawa"]
[Date "2013.01.10"]
[Round "1"]
[White "Szymczak, Rafal"]
[Black "Kaczorowski, Piotr"]
[Result "1/2-1/2"]
[WhiteElo "2067"]
[BlackElo "2088"]
[Annotator "Admin"]
[PlyCount "65"]
[EventDate "2013.01.09"]
[EventType "tourn"]
[EventRounds "1"]
[EventCountry "POL"]
[SourceDate "2013.01.07"]

1. f4 Nf6 2. g3 g6 3. Bg2 Bg7 4. e4 O-O 5. e5 Ne8 6. d4 d6 7. Nf3 c5 8. c3 cxd4
9. cxd4 dxe5 10. dxe5 Qxd1+ 11. Kxd1 Nc6 12. Nc3 Bf5 13. Be3 f6 14. exf6 Nxf6
15. h3 Ne4 16. g4 Nxc3+ 17. bxc3 Bxc3 18. Rc1 Rad8+ 19. Ke2 Bd3+ 20. Kf2 Bb2
21. Rc5 e5 22. Kg3 exf4+ 23. Bxf4 Ba3 24. Rc3 Bb4 25. Rcc1 Bd6 26. Bxd6 Rxd6
27. Rhe1 h6 28. Ne5 Nxe5 29. Rxe5 Rd7 30. Rc3 Kg7 31. Bxb7 Rxb7 32. Rxd3 Rff7
33. Re2 $11 1/2-1/2

[Event "116th YMCA Winter-A"]
[Site "Warszawa"]
[Date "2013.01.28"]
[Round "1"]
[White "Sanz Losada, Victoriano"]
[Black "Zaczek, Jonathon"]
[Result "1-0"]
[WhiteElo "2093"]
[BlackElo "2100"]
[Annotator "Admin"]
[PlyCount "89"]
[EventDate "2013.01.09"]
[EventType "tourn"]
[EventRounds "1"]
[EventCountry "POL"]
[SourceDate "2013.01.07"]

1. d4 Nf6 2. c4 g6 3. Nc3 c5 4. d5 d6 5. e4 Bg7 6. f3 O-O 7. Be3 e6 8. Qd2 exd5
9. exd5 Re8 10. O-O-O a6 11. g4 Qe7 12. Bg5 Nbd7 13. h4 Ne5 14. h5 Bd7 15. hxg6
fxg6 16. Qh2 h6 17. Bd2 g5 18. Be2 b5 19. Re1 bxc4 20. Nh3 Qf7 21. Nf2 Nxd5 22.
Nxd5 Qxd5 23. Ne4 Nd3+ 24. Bxd3 cxd3 25. Nc3 Qd4 26. f4 Rab8 27. fxg5 Qb4 28.
Rxe8+ Bxe8 29. b3 Bxc3 30. Qxh6 Bxd2+ 31. Kb1 Qf4 32. Qh7+ Kf8 33. Qc7 Rxb3+
34. axb3 Bc3 35. Qh7 d2 36. Qd3 Bc6 37. Rf1 Qxf1+ 38. Qxf1+ Ke7 39. Kc2 Bb5 40.
Qh1 Bb4 41. Qf3 c4 42. g6 cxb3+ 43. Kxb3 Bc6 44. Qe2+ Kf6 45. Kxb4 $138 1-0

[Event "116th YMCA Winter-A"]
[Site "Warszawa"]
[Date "2013.01.22"]
[Round "1"]
[White "Szewczyk, Mariusz"]
[Black "Luksik, Mateusz"]
[Result "1-0"]
[WhiteElo "2074"]
[BlackElo "2099"]
[PlyCount "57"]
[EventDate "2013.01.09"]
[EventType "tourn"]
[EventRounds "1"]
[EventCountry "POL"]
[SourceDate "2013.01.07"]

1. e4 c5 2. Nf3 d6 3. Nc3 Nf6 4. e5 dxe5 5. Nxe5 Nbd7 6. Nc4 g6 7. d4 cxd4 8.
Qxd4 Bg7 9. Bd3 O-O 10. Qh4 Nc5 11. Be2 Bf5 12. Ne3 Be6 13. O-O Qb6 14. Nc4 Qc6
15. Bf3 Qc8 16. Ne5 Bf5 17. Be3 Re8 18. Qc4 Nce4 19. Nxe4 Nxe4 20. Qxf7+ Kh8
21. Bd4 Bf6 22. Bxe4 Bxe4 23. c3 Rf8 24. Qb3 Qf5 25. f4 Rad8 26. Rae1 a6 27. g4
Qc8 28. Rxe4 Rxd4 29. Rxd4 1-0

[Event "116th YMCA Winter-A"]
[Site "Warszawa"]
[Date "2013.01.16"]
[Round "1"]
[White "Kielar, Maciej"]
[Black "Jarmula, Lukasz"]
[Result "0-1"]
[WhiteElo "2106"]
[BlackElo "2164"]
[Annotator "Admin"]
[PlyCount "71"]
[EventDate "2013.01.09"]
[EventType "tourn"]
[EventRounds "1"]
[EventCountry "POL"]
[SourceDate "2013.01.07"]

1. g3 Nf6 2. Bg2 g6 3. c4 Bg7 4. Nc3 O-O 5. e4 d6 6. f4 e5 7. Nge2 Nc6 8. O-O
$11 Bg4 9. h3 Bxe2 10. Nxe2 Nh5 11. f5 Nd4 12. Nxd4 exd4 13. g4 Ng3 14. Re1 d3
15. Qf3 Bd4+ 16. Kh2 Be5 17. Qxd3 Nxf5+ 18. Kg1 Nh4 19. Rb1 h5 20. Qe2 f5 21.
gxf5 Qg5 22. d3 Qg3 23. Qf2 Qh2+ 24. Kf1 Bg3 25. Qg1 Qxg1+ 26. Kxg1 Bxe1 27.
Bh6 Bg3 28. Bxf8 Rxf8 29. Rf1 c6 30. fxg6 Nxg2 31. Rxf8+ Kxf8 32. Kxg2 Be5 33.
b3 Kg7 34. Kf3 Kxg6 35. Ke3 c5 36. Kf3 0-1

[Event "116th YMCA Winter-A"]
[Site "Warszawa"]
[Date "2013.01.18"]
[Round "2"]
[White "Delega, Tomasz"]
[Black "Jarmula, Lukasz"]
[Result "0-1"]
[WhiteElo "2129"]
[BlackElo "2164"]
[PlyCount "98"]
[EventDate "2013.01.09"]
[EventType "tourn"]
[EventRounds "1"]
[EventCountry "POL"]
[SourceDate "2013.01.07"]

1. e4 e5 2. Nf3 Nc6 3. Bb5 a6 4. Ba4 Nf6 5. O-O Be7 6. Re1 b5 7. Bb3 O-O 8. c3
Na5 9. Bc2 d5 10. h3 Nxe4 11. Nxe5 Bh4 12. Bxe4 dxe4 13. Rxe4 Bb7 14. Re1 Re8
15. d4 c5 16. Be3 Bf6 17. Nd2 Bxe5 18. dxe5 Rxe5 19. b4 cxb4 20. cxb4 Nc6 21.
Nf3 Rd5 22. Qb3 Ne5 23. Nxe5 Rxe5 24. Bc5 Rg5 25. f3 Qd2 26. Bf2 Rg6 27. Re3
Rd8 28. Rae1 Bc6 29. Re7 Rf8 30. R7e3 Qd7 31. Kh1 h6 32. Rd3 Qf5 33. Bc5 Rc8
34. Qd1 Qg5 35. Qd2 Qg3 36. Bd6 Qh4 37. Rd4 Qh5 38. Re5 f5 39. Kh2 Rf6 40. Be7
Rf7 41. Rd8+ Rxd8 42. Qxd8+ Kh7 43. Qd6 Bb7 44. g4 Qg6 45. Re6 Rf6 46. Bxf6
fxg4 47. hxg4 Bxf3 48. Qg3 Bxg4 49. Qf2 Bxe6 0-1

[Event "116th YMCA Winter-A"]
[Site "Warszawa"]
[Date "2013.01.16"]
[Round "2"]
[White "Luksik, Mateusz"]
[Black "Goslawski, Michal"]
[Result "0-1"]
[WhiteElo "2099"]
[BlackElo "2131"]
[PlyCount "104"]
[EventDate "2013.01.09"]
[EventType "tourn"]
[EventRounds "1"]
[EventCountry "POL"]
[SourceDate "2013.01.07"]

1. e4 e6 2. d4 d5 3. e5 c5 4. c3 Nc6 5. Nf3 Qb6 6. Bd3 cxd4 7. cxd4 Bd7 8. O-O
Nxd4 9. Nxd4 Qxd4 10. Nc3 a6 11. Re1 Qa7 12. Qh5 Bc5 13. Kh1 Ne7 14. Bg5 h6 15.
Rac1 g6 16. Qh3 Bc6 17. Bf6 Rh7 18. a3 Bxf2 19. Re2 Nf5 20. b4 Rc8 21. Bxf5
gxf5 22. Rcc2 d4 23. Na4 Be3 24. Nc5 b6 25. Qg3 Bg5 26. Na4 Qb7 27. Nb2 Be4 28.
Nc4 Kd7 29. Nd6 Rxc2 30. Rxc2 Qd5 31. Rc8 Bxg2+ 32. Kg1 Qf3 33. Rd8+ Kc6 34.
Qxg2 Qxg2+ 35. Kxg2 Bxf6 36. exf6 Kc7 37. Ra8 Kxd6 38. Rxa6 Rh8 39. Rxb6+ Ke5
40. a4 Rc8 41. a5 Rc2+ 42. Kf3 Rc3+ 43. Ke2 Ke4 44. a6 d3+ 45. Kd2 Rc2+ 46. Kd1
Ra2 47. Rd6 f4 48. Rxe6+ fxe6 49. f7 Ke3 50. Kc1 d2+ 51. Kb1 Rxa6 52. f8=Q
d1=Q+ 0-1

[Event "116th YMCA Winter-A"]
[Site "Warszawa"]
[Date "2013.02.01"]
[Round "2"]
[White "Zaczek, Jonathon"]
[Black "Szewczyk, Mariusz"]
[Result "0-1"]
[WhiteElo "2100"]
[BlackElo "2074"]
[PlyCount "72"]
[EventDate "2013.01.09"]
[EventType "tourn"]
[EventRounds "1"]
[EventCountry "POL"]
[SourceDate "2013.01.07"]

1. e4 e5 2. Nf3 d5 3. exd5 e4 4. Qe2 Nf6 5. Nc3 Be7 6. Nxe4 O-O 7. Nxf6+ Bxf6
8. Qc4 b6 9. d4 c6 10. dxc6 Ba6 11. Qc3 Bxf1 12. Rxf1 Qe7+ 13. Be3 Rc8 14.
O-O-O Nxc6 15. Qb3 a5 16. a3 b5 17. Rfe1 a4 18. Qd5 Qc7 19. Qxb5 Ne5 20. Qc5
Qb7 21. dxe5 Rxc5 22. Bxc5 Be7 23. Bd4 Rc8 24. Rd3 Qb5 25. Red1 h6 26. Bc3 Qc4
27. Rd4 Qc6 28. R1d2 Bxa3 29. Rd8+ Rxd8 30. Rxd8+ Kh7 31. e6 Qxc3 32. bxa3
Qxa3+ 33. Kd2 fxe6 34. Rd4 Qa1 35. Rb4 a3 36. Nd4 Qf1 0-1

[Event "116th YMCA Winter-A"]
[Site "Warszawa"]
[Date "2013.01.17"]
[Round "2"]
[White "Kaczorowski, Piotr"]
[Black "Sanz Losada, Victoriano"]
[Result "1/2-1/2"]
[WhiteElo "2088"]
[BlackElo "2093"]
[PlyCount "86"]
[EventDate "2013.01.09"]
[EventType "tourn"]
[EventRounds "1"]
[EventCountry "POL"]
[SourceDate "2013.01.07"]

1. Nf3 d5 2. d4 Nf6 3. c4 dxc4 4. e3 e6 5. Bxc4 c5 6. O-O a6 7. dxc5 Qxd1 8.
Rxd1 Bxc5 9. a3 Nbd7 10. b4 Ba7 11. Bb2 b5 12. Bd3 Bb7 13. Nbd2 Ke7 14. Rac1
Rhc8 15. Kf1 Rxc1 16. Rxc1 Rc8 17. Rxc8 Bxc8 18. Ne4 Bb7 19. Nxf6 Nxf6 20. Ke2
g6 21. g3 Ne4 22. Bxe4 Bxe4 23. Ng5 Bb1 24. Nxh7 Bb8 25. f4 Ba7 26. Nf6 Bb6 27.
h4 a5 28. g4 axb4 29. axb4 Bd8 30. h5 gxh5 31. gxh5 Kf8 32. Nd7+ Kg8 33. Bf6
Bc7 34. Be7 Kh7 35. Bf8 Bd8 36. Ne5 Bf6 37. Nd3 Kg8 38. Bd6 Kh7 39. Nf2 Bc3 40.
Bf8 Kg8 41. Bc5 Kh7 42. Bf8 Kg8 43. Bc5 Kh7 1/2-1/2

[Event "116th YMCA Winter-A"]
[Site "Warszawa"]
[Date "2013.01.23"]
[Round "3"]
[White "Szymczak, Rafal"]
[Black "Delega, Tomasz"]
[Result "1/2-1/2"]
[WhiteElo "2067"]
[BlackElo "2129"]
[PlyCount "93"]
[EventDate "2013.01.09"]
[EventType "tourn"]
[EventRounds "1"]
[EventCountry "POL"]
[SourceDate "2013.01.07"]

1. f4 d5 2. Nf3 g6 3. g3 Bg7 4. Bg2 Nc6 5. O-O Nf6 6. d3 O-O 7. c3 Qd6 8. Qc2
Qc5+ 9. d4 Qb6 10. Ne5 Bf5 11. Qb3 Qa6 12. Re1 Be4 13. Bxe4 dxe4 14. Nd2 b5 15.
Qc2 Qb7 16. Nb3 Rad8 17. Nc5 Qa8 18. e3 e6 19. a4 b4 20. Nxc6 Qxc6 21. cxb4 a6
22. Bd2 h5 23. Rec1 h4 24. Qc4 Ra8 25. Nb3 Qxc4 26. Rxc4 Nd5 27. Nc5 hxg3 28.
hxg3 Nf6 29. Kg2 Rfe8 30. Rh1 Bf8 31. Rh4 Be7 32. g4 Nd5 33. g5 Nb6 34. Rc2
Bxc5 35. dxc5 Nd5 36. Kf2 e5 37. Bc3 Nxc3 38. bxc3 exf4 39. exf4 Rad8 40. Rh3
Rd1 41. a5 Kg7 42. Re3 f5 43. Re1 Rd3 44. Re3 Rd1 45. Re1 Rd3 46. Re3 Rd1 47.
Re1 1/2-1/2

[Event "116th YMCA Winter-A"]
[Site "Warszawa"]
[Date "2013.01.22"]
[Round "3"]
[White "Sanz Losada, Victoriano"]
[Black "Choroszej, Aleksander"]
[Result "0-1"]
[WhiteElo "2093"]
[BlackElo "2097"]
[PlyCount "74"]
[EventDate "2013.01.09"]
[EventType "tourn"]
[EventRounds "1"]
[EventCountry "POL"]
[SourceDate "2013.01.07"]

1. d4 g6 2. c4 Bg7 3. Nc3 d6 4. e4 Nf6 5. f3 O-O 6. Be3 c5 7. d5 a6 8. Qd2 Nbd7
9. Nge2 Ne5 10. Nc1 e6 11. Be2 exd5 12. cxd5 b5 13. O-O b4 14. Nd1 a5 15. Bh6
Bxh6 16. Qxh6 Ba6 17. Ne3 Bxe2 18. Nxe2 Kh8 19. Rfd1 a4 20. Rac1 Rc8 21. Kh1
Ng8 22. Qh3 c4 23. Rd2 Nd3 24. Rf1 Qf6 25. Nd1 Rc5 26. Qg3 Re8 27. Ng1 Rxe4 28.
fxe4 Qxf1 29. Qxd6 Qxd1 30. Rxd3 cxd3 31. Qxc5 d2 32. Qd4+ f6 33. d6 Qe1 34. d7
d1=Q 35. d8=Q Qxg1+ 36. Qxg1 Qxd8 37. Qe1 Qd4 0-1

[Event "116th YMCA Winter-A"]
[Site "Warszawa"]
[Date "2013.01.23"]
[Round "3"]
[White "Szewczyk, Mariusz"]
[Black "Kaczorowski, Piotr"]
[Result "1/2-1/2"]
[WhiteElo "2074"]
[BlackElo "2088"]
[Annotator "Admin"]
[PlyCount "117"]
[EventDate "2013.01.09"]
[EventType "tourn"]
[EventRounds "1"]
[EventCountry "POL"]
[SourceDate "2013.01.07"]

1. b3 c5 2. Bb2 Nc6 3. f4 Nf6 4. Nf3 g6 5. e4 Bg7 6. d3 O-O 7. Nbd2 b5 8. d4
Nxd4 9. Nxd4 cxd4 10. Bxd4 Nh5 11. Bxg7 Kxg7 12. g3 Qb6 13. Qf3 Bb7 14. Qf2
Qxf2+ 15. Kxf2 Rac8 16. Rc1 f5 17. Bd3 e5 18. Rhe1 fxe4 19. Nxe4 Bxe4 20. Rxe4
exf4 21. Re7+ Rf7 22. Rxf7+ Kxf7 23. Bxb5 fxg3+ 24. hxg3 Rc3 25. Bd3 Nf6 26.
Ke3 h5 27. Kd4 Rc8 28. c4 g5 29. c5 h4 30. gxh4 gxh4 31. Rh1 Rh8 32. Bf5 Ke7
33. Ke5 Ne8 34. Rd1 Nf6 35. Rd3 Rg8 36. Rd6 Rg3 37. Rd2 h3 38. Rh2 Rg2 39. Rxh3
Rxa2 40. Rg3 Ne8 41. Kd5 Rf2 42. Bh3 Nc7+ 43. Kd4 Rf4+ 44. Ke5 Rf7 45. Bf5 Ne8
46. Rd3 d6+ 47. cxd6+ Nxd6 48. Bg4 Rg7 49. Kf4 Rf7+ 50. Ke3 Rg7 51. Rd4 Rg5 52.
Ra4 a5 53. Kd3 Kd8 54. Rf4 Kc7 55. Kd4 Nb5+ 56. Kd3 Kb6 57. Be6 Rg3+ 58. Kc2
Rg2+ 59. Kd3 $11 1/2-1/2

[Event "116th YMCA Winter-A"]
[Site "Warszawa"]
[Date "2013.01.29"]
[Round "3"]
[White "Goslawski, Michal"]
[Black "Zaczek, Jonathon"]
[Result "1/2-1/2"]
[WhiteElo "2131"]
[BlackElo "2100"]
[PlyCount "68"]
[EventDate "2013.01.09"]
[EventType "tourn"]
[EventRounds "1"]
[EventCountry "POL"]
[SourceDate "2013.01.07"]

1. Nf3 Nf6 2. c4 g6 3. Nc3 d5 4. Qa4+ Bd7 5. Qb3 dxc4 6. Qxc4 Nc6 7. e4 Bg7 8.
d4 O-O 9. Bf4 Nh5 10. Be3 Na5 11. Qb4 Nc6 12. Qc4 Na5 13. Qd3 f5 14. b4 fxe4
15. Nxe4 Nc6 16. Qb3+ Kh8 17. Neg5 e5 18. Nf7+ Rxf7 19. Qxf7 exd4 20. Bg5 Qc8
21. Qb3 Qe8+ 22. Kd2 h6 23. Bh4 Qf8 24. Bg3 Nf4 25. Re1 Be6 26. Rxe6 Nxe6 27.
Qxe6 Qxb4+ 28. Kd1 Qb1+ 29. Kd2 Qb2+ 30. Kd1 Qa1+ 31. Kd2 Qc3+ 32. Kd1 Qa1+ 33.
Kd2 Qb2+ 34. Kd1 Qb1+ 1/2-1/2

[Event "116th YMCA Winter-A"]
[Site "Warszawa"]
[Date "2013.01.28"]
[Round "3"]
[White "Kielar, Maciej"]
[Black "Luksik, Mateusz"]
[Result "1/2-1/2"]
[WhiteElo "2106"]
[BlackElo "2099"]
[Annotator "Admin"]
[PlyCount "182"]
[EventDate "2013.01.09"]
[EventType "tourn"]
[EventRounds "1"]
[EventCountry "POL"]
[SourceDate "2013.01.07"]

1. e4 c6 2. d4 d5 3. Nc3 dxe4 4. Nxe4 Nf6 5. Nxf6+ gxf6 6. Nf3 Rg8 7. Qd3 Qa5+
8. Bd2 Qf5 9. Qxf5 $11 Bxf5 10. O-O-O Nd7 11. Bf4 O-O-O 12. Bd3 Bxd3 13. Rxd3
Nb6 14. Re1 e6 15. Bg3 Nd5 16. c3 Be7 17. Kc2 f5 18. Bh4 Bxh4 19. Nxh4 Nf4 20.
Rg3 Nh5 21. Rxg8 Rxg8 22. g3 Nf6 23. Re2 Kc7 24. a3 $11 Nd7 25. Nf3 a6 26. Ne5
Nxe5 27. Rxe5 Rg6 28. Kd3 Rh6 29. h4 Rg6 30. Ke2 Kd6 31. Kf3 Rg4 32. Re1 h5 33.
Re2 Kd5 34. b3 b5 35. Re5+ Kd6 36. a4 b4 37. Ke3 bxc3 38. Kd3 f6 39. Ra5 f4 40.
gxf4 Rxh4 41. f5 Rxd4+ 42. Kxc3 Rd5 43. Rxa6 Rxf5 44. b4 h4 45. b5 Rc5+ 46. Kb4
Rc1 47. Ra7 Rb1+ 48. Kc4 cxb5+ 49. axb5 Rb2 50. f4 h3 51. Rh7 h2 52. b6 Rxb6
53. Rxh2 Rb1 54. Rd2+ Ke7 55. Kd4 Re1 56. Rd3 f5 57. Kc3 Rf1 58. Rd4 Kf6 59.
Kd2 Ra1 60. Ke2 Ra6 61. Kf3 Kg6 62. Rd8 Ra3+ 63. Kf2 Kh5 64. Rg8 Kh6 65. Re8
Ra6 66. Rg8 Ra4 67. Kf3 Kh7 68. Rg1 Ra3+ 69. Kf2 Rh3 70. Re1 Rh6 71. Rg1 Rg6
72. Rxg6 Kxg6 73. Kf3 Kf6 74. Ke3 Ke7 75. Kd3 Kd7 76. Kc3 Kc7 77. Kb3 Kb7 78.
Kc3 Kc7 79. Kd3 Kd7 80. Kc3 Ke7 81. Kd3 Kd8 82. Kd4 Ke8 83. Kd3 Ke7 84. Ke3 Kf8
85. Kd3 Ke7 86. Ke3 Kd6 87. Kd4 Kc6 88. Kc4 Kb6 89. Kb4 e5 90. fxe5 f4 91. Kc4
f3 1/2-1/2

[Event "116th YMCA Winter-A"]
[Site "Warszawa"]
[Date "2013.02.01"]
[Round "4"]
[White "Luksik, Mateusz"]
[Black "Jarmula, Lukasz"]
[Result "1-0"]
[WhiteElo "2099"]
[BlackElo "2164"]
[Annotator "Admin"]
[PlyCount "131"]
[EventDate "2013.01.09"]
[EventType "tourn"]
[EventRounds "1"]
[EventCountry "POL"]
[SourceDate "2013.01.07"]

1. e4 e5 2. Nf3 Nc6 3. Bb5 a6 4. Bxc6 dxc6 5. d4 Bg4 6. dxe5 Qxd1+ 7. Kxd1 f6
8. Bf4 O-O-O+ 9. Nbd2 Ne7 10. exf6 gxf6 11. h3 Be6 12. Be3 f5 13. e5 h6 14. Ke2
Nd5 15. Nd4 Bd7 16. e6 Be8 17. Nxf5 Bg6 18. g4 Nxe3 19. e7 Nxf5 20. exd8=Q+
Kxd8 21. gxf5 Bxf5 22. c3 Bc5 23. f3 Rg8 24. Ne4 Bb6 25. Rad1+ Ke7 26. Rd2 Ke6
27. Kf1 Ke5 28. Rg2 Re8 29. Ke2 Kf4 30. Rg4+ Ke5 31. Rg7 Kf4 32. Rg4+ Ke5 33.
Re1 Bxg4 34. hxg4 h5 35. gxh5 Rh8 36. Rh1 Kf5 37. Rh4 Rg8 38. h6 Rh8 39. Ng3+
Kg6 40. Rg4+ Kf7 41. Rf4+ Kg6 42. Rg4+ Kf7 $11 43. Rh4 Kg6 44. Kd3 Rxh6 45.
Rxh6+ Kxh6 46. Ke4 Bf2 47. Ne2 Kg5 48. Ke5 Bc5 49. b3 Bd6+ 50. Ke6 c5 51. c4 b5
52. a4 bxc4 53. bxc4 Kh4 54. Nc3 Kg3 55. Ne4+ Kxf3 56. Nxd6 Ke3 57. Nf5+ Kd3
58. Kd5 Kc3 59. Kxc5 Kb3 60. a5 Ka4 61. Ne7 Kxa5 62. Nd5 Ka4 63. Nxc7 a5 64.
Nb5 Kb3 65. Kd4 Kb4 66. Nc3 1-0

[Event "116th YMCA Winter-A"]
[Site "Warszawa"]
[Date "2013.01.31"]
[Round "4"]
[White "Zaczek, Jonathon"]
[Black "Kielar, Maciej"]
[Result "0-1"]
[WhiteElo "2100"]
[BlackElo "2106"]
[PlyCount "74"]
[EventDate "2013.01.09"]
[EventType "tourn"]
[EventRounds "1"]
[EventCountry "POL"]
[SourceDate "2013.01.07"]

1. e4 c5 2. Ne2 Nc6 3. c4 e6 4. Nbc3 Nf6 5. d4 cxd4 6. Nxd4 Bb4 7. Nxc6 bxc6 8.
e5 Ne4 9. Bd2 Nxd2 10. Qxd2 Qa5 11. f4 O-O 12. Bd3 Ba6 13. Rc1 f6 14. exf6 Rxf6
15. O-O d5 16. Qe2 Bd6 17. Kh1 Raf8 18. cxd5 Bxd3 19. Qxd3 exd5 20. g3 Re8 21.
Rfe1 Qd8 22. Qa6 Bc5 23. Qb7 Be3 24. Rcd1 Re7 25. Qb3 Rfe6 26. f5 Re5 27. Qa4
Qc8 28. g4 d4 29. Qc4+ Kh8 30. Rxe3 dxe3 31. Qf4 c5 32. Kg2 e2 33. Re1 Qb7+ 34.
Kf2 Qxb2 35. f6 gxf6 36. Qxf6+ Kg8 37. Rb1 e1=Q+ 0-1

[Event "116th YMCA Winter-A"]
[Site "Warszawa"]
[Date "2013.02.13"]
[Round "4"]
[White "Szymczak, Rafal"]
[Black "Sanz Losada, Victoriano"]
[Result "1/2-1/2"]
[WhiteElo "2067"]
[BlackElo "2093"]
[Annotator "Admin"]
[PlyCount "81"]
[EventDate "2013.01.09"]
[EventType "tourn"]
[EventRounds "1"]
[EventCountry "POL"]
[SourceDate "2013.01.07"]

1. f4 Nf6 2. Nf3 d5 3. g3 e6 4. Bg2 Nbd7 5. c3 b6 6. O-O Bb7 7. Ne5 h5 8. h3
Bd6 9. d4 Ne4 10. Bxe4 dxe4 11. Qa4 a6 12. Qxd7+ Qxd7 13. Nxd7 Kxd7 14. e3 f6
15. b3 Rag8 16. Ba3 Be7 17. Bxe7 Kxe7 18. Nd2 g5 19. Kh2 Rh6 20. fxg5 Rxg5 21.
Rf4 Rhg6 22. Rg1 e5 23. Rh4 Rf5 24. Rf1 Rgg5 25. Rxf5 Rxf5 26. Kg2 exd4 27.
cxd4 c5 28. g4 Rg5 29. dxc5 Rxc5 30. Rxh5 Rc2 31. Rh7+ Ke6 32. Rxb7 Rxd2+ 33.
Kf1 Rxa2 34. Rxb6+ Ke5 35. h4 Ra1+ $11 36. Kf2 Ra2+ 37. Ke1 Ra1+ 38. Kd2 Ra2+
39. Ke1 Ra1+ 40. Kf2 Ra2+ 41. Ke1 1/2-1/2

[Event "116th YMCA Winter-A"]
[Site "Warszawa"]
[Date "2013.02.06"]
[Round "5"]
[White "Sanz Losada, Victoriano"]
[Black "Delega, Tomasz"]
[Result "1-0"]
[WhiteElo "2093"]
[BlackElo "2129"]
[PlyCount "43"]
[EventDate "2013.01.09"]
[EventType "tourn"]
[EventRounds "1"]
[EventCountry "POL"]
[SourceDate "2013.01.07"]

1. d4 Nf6 2. c4 g6 3. f3 d5 4. cxd5 Nxd5 5. e4 Nb6 6. Nc3 Bg7 7. Be3 O-O 8. Qd2
Nc6 9. O-O-O e5 10. d5 Nd4 11. f4 c5 12. Nf3 exf4 13. Bxf4 f5 14. e5 Nxd5 15.
Bc4 Be6 16. Bg5 Nxc3 17. Bxe6+ Nxe6 18. Bxd8 Nxa2+ 19. Kb1 Rfxd8 20. Qc2 Nb4
21. Qb3 Re8 22. Rd6 1-0

[Event "116th YMCA Winter-A"]
[Site "Warszawa"]
[Date "2013.02.22"]
[Round "5"]
[White "Szewczyk, Mariusz"]
[Black "Szymczak, Rafal"]
[Result "1/2-1/2"]
[WhiteElo "2074"]
[BlackElo "2067"]
[Annotator "Admin"]
[PlyCount "27"]
[EventDate "2013.01.09"]
[EventType "tourn"]
[EventRounds "1"]
[EventCountry "POL"]
[SourceDate "2013.01.07"]

1. e4 d5 2. exd5 Qxd5 3. Nc3 Qa5 4. Nf3 Nf6 5. Bc4 Bf5 6. O-O e6 7. Re1 Nbd7 8.
d4 c6 9. Ne5 Nxe5 10. Rxe5 Qc7 11. h3 O-O-O 12. Re1 Qb6 13. Ne2 h6 14. c3 $11
1/2-1/2

[Event "116th YMCA Winter-A"]
[Site "Warszawa"]
[Date "2013.02.08"]
[Round "5"]
[White "Jarmula, Lukasz"]
[Black "Zaczek, Jonathon"]
[Result "1-0"]
[WhiteElo "2164"]
[BlackElo "2100"]
[PlyCount "89"]
[EventDate "2013.01.09"]
[EventType "tourn"]
[EventRounds "1"]
[EventCountry "POL"]
[SourceDate "2013.01.07"]

1. Nf3 Nf6 2. c4 g6 3. Nc3 d5 4. Qa4+ Bd7 5. Qb3 dxc4 6. Qxc4 Bg7 7. e4 Bc6 8.
Qe2 O-O 9. d4 b6 10. Bg5 Bb7 11. O-O-O c6 12. Qd2 b5 13. Bd3 Qa5 14. e5 b4 15.
Ne4 Nd5 16. Nc5 Bc8 17. Kb1 Nd7 18. Nb3 Qb6 19. Be4 f6 20. Bh6 a5 21. Bxd5+
cxd5 22. Rc1 Ba6 23. Bxg7 Kxg7 24. Nc5 Rfd8 25. Rhe1 Nxc5 26. dxc5 Qc7 27. Nd4
Bc8 28. exf6+ exf6 29. Nb5 Bf5+ 30. Ka1 Qd7 31. c6 Qf7 32. c7 Rf8 33. Nd6 Qd7
34. c8=Q Raxc8 35. Nxc8 Rxc8 36. Rxc8 Qxc8 37. Re7+ Kf8 38. Rxh7 Qc4 39. Qh6+
Ke8 40. Rh8+ Kf7 41. Rf8+ Ke6 42. Qe3+ Kd6 43. Rxf6+ Kd7 44. Rf7+ Kc6 45. Qe8+
1-0

[Event "116th YMCA Winter-A"]
[Site "Warszawa"]
[Date "2013.02.12"]
[Round "5"]
[White "Liberadzki, Slawomir"]
[Black "Luksik, Mateusz"]
[Result "1-0"]
[WhiteElo "2104"]
[BlackElo "2099"]
[PlyCount "141"]
[EventDate "2013.01.09"]
[EventType "tourn"]
[EventRounds "1"]
[EventCountry "POL"]
[SourceDate "2013.01.07"]

1. e4 e5 2. Nc3 Nc6 3. g3 Bc5 4. Bg2 Qf6 5. Nf3 Nge7 6. O-O d6 7. Nd5 Nxd5 8.
exd5 Ne7 9. d4 exd4 10. Bg5 Qg6 11. Bxe7 Kxe7 12. Re1+ Kd8 13. Nxd4 Qf6 14. Re4
g5 15. c3 a5 16. Qh5 Bxd4 17. Rxd4 Qg6 18. Qe2 Re8 19. Re4 Rxe4 20. Bxe4 f5 21.
Bd3 Qf7 22. Bb5 Bd7 23. Bxd7 Qxd7 24. Qh5 Qg7 25. Re1 Kd7 26. Qe2 Rf8 27. Qb5+
Kd8 28. Qxb7 f4 29. Qa8+ Kd7 30. Qxa5 fxg3 31. hxg3 Qf7 32. Qa4+ Kc8 33. Qd4 h5
34. Re2 h4 35. Qg4+ Kb7 36. gxh4 gxh4 37. Qxh4 Qg6+ 38. Qg3 Qh7 39. Kf1 Qh1+
40. Qg1 Qh3+ 41. Qg2 Qd3 42. Qg4 Qd1+ 43. Kg2 Qxd5+ 44. Qe4 Rg8+ 45. Kf1 Kc6
46. Qxd5+ Kxd5 47. Re7 c5 48. Ke2 Rb8 49. b3 Ra8 50. a4 Rb8 51. c4+ Kd4 52. Re3
Rf8 53. Rd3+ Ke5 54. Rd5+ Ke6 55. Ke3 Rb8 56. Rd3 Rh8 57. Kd2 Rf8 58. f3 Rb8
59. Kc3 Rg8 60. f4 Ra8 61. Rf3 Kf5 62. Rf1 Rb8 63. Ra1 Rb6 64. a5 Ra6 65. Ra2
Kxf4 66. b4 cxb4+ 67. Kxb4 Ra8 68. a6 d5 69. a7 dxc4 70. Kxc4 Ke5 71. Kc5 1-0

[Event "116th YMCA Winter-A"]
[Site "Warszawa"]
[Date "2013.02.13"]
[Round "6"]
[White "Delega, Tomasz"]
[Black "Luksik, Mateusz"]
[Result "0-1"]
[WhiteElo "2129"]
[BlackElo "2099"]
[PlyCount "148"]
[EventDate "2013.01.09"]
[EventType "tourn"]
[EventRounds "1"]
[EventCountry "POL"]
[SourceDate "2013.01.07"]

1. e4 c5 2. Nf3 d6 3. d4 cxd4 4. Nxd4 Nf6 5. Nc3 a6 6. Bc4 e6 7. Bb3 Be7 8. g4
Nc6 9. g5 Nxd4 10. Qxd4 Nh5 11. Rg1 O-O 12. Be3 b5 13. O-O-O Bb7 14. f4 Qa5 15.
f5 b4 16. f6 Bd8 17. Ne2 Rc8 18. Ng3 Nxg3 19. Rxg3 Qe5 20. fxg7 Kxg7 21. Qxb4
Qxe4 22. Qxd6 Bc7 23. Qd4+ Be5 24. Qxe5+ Qxe5 25. Bd4 Qxd4 26. Rxd4 Rc5 27. c3
Rf5 28. Rd2 Be4 29. Bd1 Rf1 30. b3 Rc8 31. Kb2 Rc5 32. b4 Rcf5 33. h4 Rd5 34.
Rxd5 exd5 35. Kc1 Rh1 36. h5 h6 37. gxh6+ Kxh6 38. a4 f5 39. Rg6+ Kh7 40. Kd2
f4 41. Rf6 Rh2+ 42. Ke1 Rh1+ 43. Kd2 Rh2+ 44. Kc1 Rh3 45. Rxf4 Rxc3+ 46. Kb2
Rd3 47. Kc1 Rc3+ 48. Kb2 Rd3 49. Bg4 Kh6 50. Rf8 Rd2+ 51. Kc3 Rd3+ 52. Kb2 Rd2+
53. Ka1 Rd4 54. Rb8 a5 55. Kb2 Rd2+ 56. Kc1 Rc2+ 57. Kd1 Rg2 58. Be2 axb4 59.
Rxb4 Rg1+ 60. Kd2 Ra1 61. Ke3 Kg5 62. Kd4 Kf4 63. Kc5 Ke3 64. Bg4 Rc1+ 65. Kd6
d4 66. Ke5 Rc5+ 67. Kf6 d3 68. h6 Rc6+ 69. Ke5 Rc5+ 70. Kf6 Rc6+ 71. Kg5 Rg6+
72. Kh5 Rxg4 73. h7 Rg1 74. Kh6 Rh1+ 0-1